Diccionario de las religiones
שמור ב:
| מחבר ראשי: | |
|---|---|
| פורמט: | ספר |
| שפה: | ספרדית |
| יצא לאור: |
Madrid
Alianza
1989
|
| סדרה: | Sección Humanidades
|
| נושאים: | |
| תגים: |
הוספת תג
אין תגיות, היה/י הראשונ/ה לתייג את הרשומה!
|
MARC
| LEADER | 00000nam a2200000 a 4500 | ||
|---|---|---|---|
| 001 | UCX4288 | ||
| 003 | CL-VaPUC | ||
| 008 | 920409e19890000SP |||||||||||||||||spa|d | ||
| 020 | |a 8420603732 | ||
| 082 | 0 | 4 | |a 200.3 |b ROD |2 21 |
| 100 | 0 | |a Rodríguez Santidrián, Pedro |e author |9 320429 | |
| 245 | 1 | 0 | |a Diccionario de las religiones |
| 300 | |a 467 p | ||
| 942 | |c BK | ||
| 945 | |d 19920409 00:00:00 | ||
| 260 | |a Madrid |b Alianza |c 1989 | ||
| 650 | 0 | |a Religiones |9 265211 | |
| 650 | 0 | |a Diccionario Español |9 255650 | |
| 583 | |a last modification |c 19920409 00:00:00 |k Rodrigo Vera | ||
| 490 | 0 | |a Sección Humanidades | |
| 999 | |c 224792 |d 224790 | ||
| 952 | |0 0 |1 0 |4 0 |6 200_300000000000000_ROD_1989 |7 0 |8 F |9 221758 |a BIBTEO |b BIBTEO |d 2019-11-15 |i 2906082 |o 200.3 ROD 1989 |p 2906082 |r 2025-01-17 |w 2019-11-15 |y BK_F |k ICR | ||